| 000 | 00619nam a22002057a 4500 | ||
|---|---|---|---|
| 005 | 20230522074428.0 | ||
| 008 | 221121b |||||||| |||| 00| 0 eng d | ||
| 020 | _a978-971-23-7805-8 | ||
| 082 | _aFil. 641.815 B297 2016 | ||
| 100 |
_aBasbas, Leonora D. _eauthor |
||
| 245 |
_aBread and pastry production / _cLeonora D. Basbas |
||
| 250 | _a1st ed. | ||
| 260 |
_aManila: _bRex Book Store, _cc2016. |
||
| 300 |
_ax, 200p.: _bill. |
||
| 490 | _aK to 12 | ||
| 504 | _aIncludes bibliographical references and index | ||
| 541 | _e4520 c.1, 4521 c.2, 4557 c.3, 5073 c.4, 5074 c.5 | ||
| 650 | _aBread | ||
| 650 | _aPastry | ||
| 999 |
_c224 _d224 |
||